| 000 | 00637nam a2200181Ia 4500 | ||
|---|---|---|---|
| 008 | 151018s9999 xx 000 0 und d | ||
| 082 |
_bRBASDV51251 _a891.46501 |
||
| 100 | _aआलोक सिंह | ||
| 245 | _aसामाजिक दुरीतीया दोषी | ||
| 250 | _b1 | ||
| 260 |
_bएस के जी पब्लिशर्स _c2010 |
||
| 300 | _a82 | ||
| 600 | _aआलोक सिंह | ||
| 630 | _aसामाजिक दुरीतीया दोषी | ||
| 700 | _aआलोक सिंह | ||
| 730 | _aसामाजिक दुरीतीया दोषी | ||
| 942 | _cBOOK | ||
| 999 |
_c1050143 _d1050140 |
||